00365nam a2200121Ia 4500008004100000020002100041041000800062082002300070100001200093245008300105260004600188300000900234230403s9999 xx 000 0 und d a978-81-9472766-8 aeng aN/613.2/BAN/B10133 aBandana aTextbook of Applied Nutrition and Dietetics for Undergraduate Nursing Students bVision Health Sciences Pub.aMohalic2021 a356p